000 00402nam a22001697a 4500
003 MPLRDC
005 20220104142411.0
008 210129b ||||| |||| 00| 0 eng d
020 _a983-820-125-1
082 _a868.71 BD-8
100 _a碧澄
245 _a文思. 文事
_c
260 _a
_b联营出版有限公司
_c1994
300 _b
650 _a马华文学
942 _cBK
_o868.71 BD-8
999 _c30597
_d30587